000 01151naa a22002897a 4500
001 BR8805144
003 BR-BrBNA
005 20240918180302.0
007 ta
008 230509b bl.||||| |||| 00| 0 por d
040 _aBR-BrBNA
_bpor
_cBiblioteca Nacional de Agricultura
041 _a(Pt)
072 _aL10; L01
_b5214
_bG514
090 _aL10 BR8805144
100 1 _aFreitas, A.F. de
100 1 _aLemos, A. de M.
111 1 _a3. Simposio sobre Producao Animal
_cCampo Grande, MS (Brazil)
_d21-25 Jul 1986
245 1 _aCruzamento em gado de leite estrategias de cruzamentos entre racas leiteiras na regiao sudeste
260 3 _aCampinas, SP (Brasil):
_c1986.
500 _aMariante, A. da S. (ed.) Anais do 3. Simposio sobre Producao Animal Campinas, SP (Brasil): 1986. p. 11-16 (BR8805144-AM)L10
650 _aGADO LEITEIRO
650 _aCRUZAMENTO ANIMAL
650 _aREGIAO SUDESTE
773 0 _tAnais do 3. Simposio sobre Producao Animal
_aMariante, A. da S. (ed.). Fundacao Cargill, Campinas, SP (Brasil)
_wL10 BR8805144
_gCampinas, SP (Brasil), 1986. p. 11-16
909 _a202404
_bLucia
_c55
_dLucia Elande
942 _cAM
_2AGRIS
999 _c319598
_d319598